LEADER 01467nam1 22003493i 450 001 UMC0064550 005 20231121125911.0 100 $a20220203g1986 ||||0itac50 ba 101 | $aita 102 $ait 181 1$6z01$ai $bxxxe 182 1$6z01$an 200 1 $aPsicofisiologia$fa cura di Luciano Stegagno 210 $aTorino$cBollati Boringhieri 215 $a2 v.$d24 cm 225 | $aProgramma di psicologia, psichiatria, psicoterapia 410 0$1001CFI0000066$12001 $aProgramma di psicologia, psichiatria, psicoterapia 463 1$1001UMC0064543$12001 $a˜1: œIndicatori fisiologici del comportamento umano$fcontributi di Giovanni Berlucchi ... \et al.!$ga cura di Luciano Stegagno$v1 463 1$1001UMC0064547$12001 $a˜2: œCorrelati fisiologici dei processi cognitivi e del comportamento$fcontributi di Niels Birbaumer ... \et al.!$ga cura di Luciano Stegagno$v2 606 $aPsicofisiologia$2FIR$3RMLC002962$9I 676 $a152$9PSICOLOGIA FISIOLOGICA$v21 676 $a612.8$9Fisiologia umana. Funzioni nervose Funzioni sensorie$v22 702 1$aStegagno$b, Luciano$3CFIV052391 801 3$aIT$bIT-01$c20220203 850 $aIT-FR0017 899 $aBiblioteca umanistica Giorgio Aprea$bFR0017 912 $aUMC0064550 950 1$aBiblioteca umanistica Giorgio Aprea$d 52MAG 14/814.1$d 52MAG 14/814.2 967 $m2 977 $a 52 996 $aPsicofisiologia$9491427 997 $aUNICAS LEADER 01971nam0 2200445 i 450 001 IEI0071535 005 20251003044157.0 020 $aIT$b64212 100 $a19930422d1963 ||||0itac50 ba 101 | $aita 102 $ait 181 1$6z01$ai $bxxxe 182 1$6z01$an 183 1$6z01$anc$2RDAcarrier 200 1 $aˆI ‰salari in Italia dal 1951 al 1962$fBruno Broglia, Luciano Pallagrosi 210 $a\Roma!$cEditrice sindacale italiana$d\1963?! 215 $a167 p., 13 c. ripieg.$d22 cm 314 $aSC/MIL 05/11/99$9RAVV021216 606 $aSalari$xItalia$x1951-1962$2FIR$3SBLC001859$9I 676 $a331.21$9ECONOMIA DEL LAVORO. Retribuzioni$v23 676 $a331.29$9$v20 676 $a331.2945$9SALARIO. Italia$v19 676 $a331.2945$9SALARIO, ORARIO, ALTRE CONDIZIONI DI LAVORO. ITALIA$v20 676 $a331.2945$9RETRIBUZIONI. Italia$v21 676 $a331.2945$9RETRIBUZIONI. Italia$v22 696 $aPaghe$aMonti salari 699 $aSalari$yPaghe 699 $aSalari$yMonti salari 700 1$aBroglia$b, Bruno$3RAVV074578$4070$0127471 701 1$aPallagrosi$b, Luciano$3RAVV021216$4070$0676265 801 3$aIT$bIT-000000$c19930422 850 $aIT-BN0095 $aIT-NA0079 $aIT-NA0581 901 $bNAP BN$cV.F. $nLa consegna dei documenti è effettuata dall'Ufficio Distribuzione 901 $bNAP FC$cFONDO $n$ 901 $bNAP 01$cPOZZO LIB.$nVi sono collocati fondi di economia, periodici di ingegneria e scienze, periodici di economia e statistica e altri fondi comprendenti documenti di economia pervenuti in dono. 912 $aIEI0071535 950 0$aBiblioteca Centralizzata di Ateneo$c1 v.$d 01POZZO LIB.F. SANTI 205$e 0101 0060030885E VMA 1 v. (Precedente collocazione S 153)$fB $h20221107$i20221107 977 $a 01$a BN$a FC 996 $aSalari in Italia dal 1951 al 1962$91288030 997 $aUNISANNIO